Easy General Knowledge Trivia #3 - Statistics

General Stats
  • This quiz has been taken 1,046 times
  • The average score is 13 of 15
Answer Stats
Hint Answer % Correct
How many sides does an octogon have? 8
99%
How many strings does a standard guitar have? 6
98%
What is the predominant color on the Brazilian flag? Green
97%
What is the name of the social media company Mark Zuckerberg founded in 2004? Facebook
96%
What is the longest river in the world? Nile
95%
How many individual countries make up the United Kingdom? 4
93%
Who was known as the 'King of Pop'? Michael Jackson
93%
What caused the RMS Titanic to sink? An Iceberg
92%
Which planet in our solar system is the farthest from the sun? Neptune
87%
What is the name of the famous band from Liverpool who released the song 'Hey Jude'? The Beatles
86%
What sport does Rafael Nadal play? Tennis
85%
What is the name given to the circle of latitude that separates the Northern and Southern hemisphere? Equator
81%
What is the largest country in Africa by area? Algeria
56%
Where did the music genre jazz originate? New Orleans
55%
What street is the official residence of the British prime minister? Downing Street
53%
No matching quizzes found
Score Distribution
Percent of People with Each Score
Percentile by Number Answered
Your Score History
You have not taken this quiz